[Event "AUTO-MASTER-2688"]
[Site "http://www.queenalice.com/game.php?id=1513060"]
[Date "2018.1.23"]
[Round "1"]
[White "Bebeto"]
[Black "Canaye"]
[Result "0-1"]
[WhiteElo "2154"]
[BlackElo "1922"]

1. e4 e6 2. d4 d5 3. e5 c5 4. c3 Nc6 5. Nf3 cxd4 6. cxd4 Bb4+ 7. Nc3 Qb6 8. Bd3
Bd7 9. O-O Nxd4 10. Nxd4 Qxd4 11. Nb5 Qxe5 12. a3 Ba5 13. Rb1 a6 14. b4 Bxb5 15.
Bxb5+ axb5 16. bxa5 Rxa5 17. Bb2 Qg5 18. Re1 Nf6 19. Bxf6 Qxf6 20. Qxd5 O-O 21.
Qxb7 Rxa3 22. Qxb5 h6 23. h3 Rfa8 24. Qb7 Qg6 25. Rf1 Rd8 26. Kh1 Rdd3 27. Qc8+
Kh7 28. Rg1 Rxh3+ 29. gxh3 Rxh3# 0-1

[Event "AUTO-MASTER-2688"]
[Site "http://www.queenalice.com/game.php?id=1513061"]
[Date "2018.1.23"]
[Round "1"]
[White "Canaye"]
[Black "Bebeto"]
[Result "0-1"]
[WhiteElo "1820"]
[BlackElo "2141"]

1. d4 Nf6 2. c4 e6 3. Nc3 Bb4 4. Qc2 Nc6 5. Nf3 d6 6. a3 Bxc3+ 7. Qxc3 b6 8. Bg5
h6 9. Bxf6 Qxf6 10. e4 e5 11. d5 Nb8 12. b4 O-O 13. Rc1 Nd7 14. Bd3 Bb7 15. O-O
a5 16. bxa5 Rxa5 17. Nd2 Nc5 18. Bb1 Rfa8 19. f4 Rxa3 20. Qb2 Nd3 21. Qc2 Nxc1
22. Qxc1 Ra1 23. fxe5 Qxe5 24. Qc2 Qd4+ 25. Kh1 R1a3 26. Nf3 Qc3 27. e5 Qxc2 28.
Bxc2 dxe5 29. Nxe5 Ra1 30. Kg1 Rxf1+ 31. Kxf1 Ra1+ 32. Ke2 Ra2 33. Kd3 Ba6 34.
h4 b5 35. g4 bxc4+ 36. Kc3 Ra3+ 37. Kb2 Re3 38. Nd7 Bb7 39. g5 hxg5 40. hxg5
Bxd5 41. Nc5 c3+ 42. Ka3 c6 43. Nb3 Bxb3 44. Kxb3 g6 45. Kc4 Rg3 0-1

[Event "AUTO-MASTER-2688"]
[Site "http://www.queenalice.com/game.php?id=1513062"]
[Date "2018.1.23"]
[Round "1"]
[White "Bebeto"]
[Black "Mannu"]
[Result "1-0"]
[WhiteElo "2146"]
[BlackElo "1985"]

1. e4 c5 2. d4 cxd4 3. c3 dxc3 4. Nxc3 a6 5. Bc4 e6 6. Nf3 Nc6 7. O-O Nf6 8. Qe2
b5 9. Bb3 b4 10. Na4 Qc7 11. h3 a5 12. Bg5 Be7 13. Rac1 1-0

[Event "AUTO-MASTER-2688"]
[Site "http://www.queenalice.com/game.php?id=1513063"]
[Date "2018.1.23"]
[Round "1"]
[White "Mannu"]
[Black "Bebeto"]
[Result "0-1"]
[WhiteElo "2063"]
[BlackElo "2136"]

1. c4 Nf6 2. Nc3 e6 3. g3 c6 4. Bg2 Be7 5. Nf3 h6 6. d3 d6 7. O-O a6 8. a4 O-O
9. e4 e5 10. b3 a5 11. Be3 Bg4 0-1

[Event "AUTO-MASTER-2644"]
[Site "http://www.queenalice.com/game.php?id=1513223"]
[Date "2018.1.24"]
[Round "2"]
[White "Bebeto"]
[Black "Zorychta"]
[Result "0-1"]
[WhiteElo "2129"]
[BlackElo "2425"]

1. e4 d6 2. d4 Nf6 3. Nc3 g6 4. Nf3 Bg7 5. Be2 O-O 6. O-O c6 7. h3 Nbd7 8. Be3
b5 9. a3 Bb7 10. Re1 e5 11. d5 cxd5 12. exd5 a6 13. Qd2 Qc7 14. Rac1 Nb6 15.
Bxb6 Qxb6 16. Rcd1 Rac8 17. Rb1 Rc5 18. b4 Rxc3 19. Qxc3 Qxf2+ 20. Kxf2 Ne4+ 21.
Kg1 Nxc3 22. Rb3 e4 23. Nh2 f5 24. Bd1 Bxd5 25. Nf1 Bxb3 26. cxb3 Bd4+ 27. Kh1
Bf2 28. Re2 Nxd1 29. Rd2 f4 30. Rxd1 e3 31. Rxd6 e2 0-1

[Event "AUTO-MASTER-2644"]
[Site "http://www.queenalice.com/game.php?id=1513224"]
[Date "2018.1.24"]
[Round "2"]
[White "Zorychta"]
[Black "Bebeto"]
[Result "1-0"]
[WhiteElo "2424"]
[BlackElo "2115"]

1. e4 e5 2. Nf3 Nc6 3. Bb5 a6 4. Ba4 Nf6 5. O-O b5 6. Bb3 Be7 7. Re1 O-O 8. c3
d5 9. exd5 Nxd5 10. Nxe5 Nxe5 11. Rxe5 Nf6 12. d4 Bd6 13. Re1 Ng4 14. h3 Qh4 15.
Qf3 Nxf2 16. Re2 Nxh3+ 17. gxh3 Bxh3 18. Re4 Qg3+ 19. Qxg3 Bxg3 20. Bg5 Bd6 21.
Rh4 Bf5 22. Nd2 h6 23. Bf4 Be7 24. Rh5 Bg4 25. Rd5 c6 26. Re5 Bd6 27. Re4 Bxf4
28. Rxf4 Be6 29. Bxe6 fxe6 30. Rxf8+ Rxf8 31. Re1 Rf6 32. Re5 Rg6+ 33. Kf2 1-0

[Event "AUTO-MASTER-2644"]
[Site "http://www.queenalice.com/game.php?id=1513225"]
[Date "2018.1.24"]
[Round "2"]
[White "Bebeto"]
[Black "Rachman"]
[Result "0-1"]
[WhiteElo "2142"]
[BlackElo "2294"]

1. e4 e6 2. d4 d5 3. e5 c5 4. c3 Qb6 5. Nf3 Nc6 6. Bd3 cxd4 7. cxd4 Bd7 8. O-O
Nxd4 9. Nxd4 Qxd4 10. Nc3 a6 11. a3 Ne7 12. Re1 Nc6 13. Be3 Qxe5 14. Bc5 Qg5 15.
Bxf8 Kxf8 16. Bf1 g6 17. g3 h5 18. h4 Qf6 19. Bg2 Kg7 20. Rb1 b5 21. b4 Rac8 22.
Ne2 Ne5 23. Nd4 Rc3 24. Rb3 Rhc8 25. Rxc3 Rxc3 26. Re3 Rxe3 27. fxe3 Nc4 28. Nc2
Qc3 29. e4 Ne3 30. Nxe3 Qxe3+ 31. Kh2 d4 32. Qa1 e5 33. Qc1 Qxc1 0-1

[Event "AUTO-MASTER-2644"]
[Site "http://www.queenalice.com/game.php?id=1513226"]
[Date "2018.1.24"]
[Round "2"]
[White "Rachman"]
[Black "Bebeto"]
[Result "1-0"]
[WhiteElo "2265"]
[BlackElo "2104"]

1. c4 Nf6 2. g3 e6 3. Bg2 Be7 4. Nf3 d5 5. O-O c6 6. b3 Nbd7 7. Bb2 h6 8. d4 O-O
9. Nbd2 Nh7 10. e4 dxe4 11. Nxe4 Ndf6 12. Ne5 Nxe4 13. Bxe4 Ng5 14. Bg2 Bf6 15.
f4 Nh7 16. Qh5 Bxe5 17. fxe5 Qg5 18. Qe2 Bd7 19. Rf4 Qe7 20. Raf1 f5 21. h4 Rf7
22. d5 cxd5 23. cxd5 Qc5+ 24. Kh2 Rd8 25. Rc1 Qb6 26. d6 a5 27. Rfc4 Bb5 28. a4
Bxc4 29. Qxc4 Nf8 30. Bd4 Qa6 31. Qc3 Rfd7 32. Bf1 Qa8 33. Bb6 Rf7 34. Bxd8 Qxd8
35. Qc8 Rd7 36. Bb5 Qxc8 37. Rxc8 Rf7 38. d7 Rxd7 39. Bxd7 Kf7 40. Rc7 Kg6 41.
Be8+ Kh7 42. Rxb7 Ng6 43. Bxg6+ Kxg6 44. Ra7 1-0

[Event "AUTO-MASTER-2710"]
[Site "http://www.queenalice.com/game.php?id=1521967"]
[Date "2018.4.1"]
[Round "1"]
[White "Bebeto"]
[Black "leeroy1"]
[Result "0-1"]
[WhiteElo "2091"]
[BlackElo "2176"]

1. e4 Nc6 2. Nf3 g6 3. d4 Bg7 4. Bc4 e6 5. O-O Nge7 6. Be3 d5 7. exd5 exd5 8.
Bb5 Bd7 9. c3 a6 10. Ba4 b5 11. Bc2 Na5 12. b3 h6 13. h3 Qc8 14. Re1 Be6 15.
Nbd2 g5 16. Nh2 Qd7 17. Ndf1 O-O-O 18. a4 bxa4 19. Rxa4 Nec6 20. Qa1 Nb7 21.
Rxa6 Nb8 0-1

[Event "AUTO-MASTER-2710"]
[Site "http://www.queenalice.com/game.php?id=1521968"]
[Date "2018.4.1"]
[Round "1"]
[White "leeroy1"]
[Black "Bebeto"]
[Result "1-0"]
[WhiteElo "2186"]
[BlackElo "2114"]

1. Nc3 Nf6 2. Nf3 e6 3. e4 d6 4. d4 Be7 5. e5 Nd5 6. Nxd5 exd5 7. exd6 Bxd6 8.
Be2 O-O 9. O-O Nd7 10. c3 h6 11. Be3 Nf6 12. Qc1 c6 13. h3 Re8 14. Bd3 Bf8 15.
Bf4 Nh5 16. Be5 f6 17. Bh2 f5 18. Ne5 Bd6 19. Qd1 Nf6 20. Qf3 Ne4 21. Rad1 Qf6
22. Qh5 Bxe5 23. Bxe5 Rxe5 24. dxe5 Qxe5 25. Bxe4 dxe4 26. Rd8+ Kh7 27. Re8 Qd5
28. Rd1 Qxa2 29. Rdd8 1-0

[Event "AUTO-MASTER-2710"]
[Site "http://www.queenalice.com/game.php?id=1521969"]
[Date "2018.4.1"]
[Round "1"]
[White "Bebeto"]
[Black "jovelino"]
[Result "1-0"]
[WhiteElo "2078"]
[BlackElo "2200"]

1. e4 c5 2. d4 cxd4 3. c3 d3 4. Bxd3 g6 5. Nf3 Bg7 6. O-O Nc6 7. Qe2 d6 8. Rd1
Qc7 9. b4 Nxb4 10. Bb2 Nxd3 11. Rxd3 Nf6 12. Na3 a6 13. h3 b5 14. Rc1 Bb7 15.
Re3 O-O 16. Nd4 Rac8 17. Qe1 Qa5 18. c4 Qxe1+ 19. Rexe1 b4 20. Nb1 Bxe4 21. Nd2
Ba8 22. Rxe7 Bh6 23. N4f3 Bxf3 24. Bxf6 Bxd2 25. Rc2 Bxg2 26. Kxg2 Bc3 27. Bxc3
Rxc4 28. a4 1-0

[Event "AUTO-MASTER-2710"]
[Site "http://www.queenalice.com/game.php?id=1521970"]
[Date "2018.4.1"]
[Round "1"]
[White "jovelino"]
[Black "Bebeto"]
[Result "0-1"]
[WhiteElo "2184"]
[BlackElo "2099"]

1. e4 e5 2. Nf3 Nc6 3. Bc4 Bc5 4. b4 Bxb4 5. c3 Be7 6. d4 Na5 7. Bd3 d6 8. dxe5
Bg4 9. exd6 Qxd6 10. Ba3 Qd7 11. Bxe7 Nxe7 12. Qe2 O-O 13. O-O h6 14. Na3 a6 15.
Nc2 Rad8 16. Rfd1 Qc6 17. Rac1 Ng6 18. Ncd4 Qe8 19. Qe3 b5 20. h3 Bc8 21. Nb3
Nc6 22. Nc5 Nce5 23. Nxe5 Qxe5 24. Bc2 Nf4 25. a4 c6 26. axb5 cxb5 0-1

[Event "AUTO-MASTER-2710"]
[Site "http://www.queenalice.com/game.php?id=1521971"]
[Date "2018.4.1"]
[Round "1"]
[White "Bebeto"]
[Black "szachowymag"]
[Result "0-1"]
[WhiteElo "2128"]
[BlackElo "2136"]

1. e4 e6 2. d4 d5 3. e5 c5 4. c3 Nc6 5. Nf3 Bd7 6. Bd3 cxd4 7. cxd4 Nb4 8. Be2
Qc7 9. O-O Nc2 10. Nc3 Nxa1 11. Be3 Ne7 12. Qxa1 a6 13. Rc1 Nc6 0-1

[Event "AUTO-MASTER-2710"]
[Site "http://www.queenalice.com/game.php?id=1521972"]
[Date "2018.4.1"]
[Round "1"]
[White "szachowymag"]
[Black "Bebeto"]
[Result "1-0"]
[WhiteElo "2123"]
[BlackElo "2141"]

1. e4 e5 2. Nf3 Nc6 3. d4 Nxd4 4. Nxe5 Ne6 5. Nf3 Bc5 6. Bc4 d6 7. O-O Nf6 8.
Bd3 O-O 9. e5 Ne8 10. Nc3 c6 11. Ne4 Bb6 12. exd6 1-0

[Event "AUTO-MASTER-2688"]
[Site "http://www.queenalice.com/game.php?id=1531175"]
[Date "2018.6.15"]
[Round "2"]
[White "yamato"]
[Black "Bebeto"]
[Result "0-1"]
[WhiteElo "2122"]
[BlackElo "2093"]

1. e4 e5 2. Nf3 Nc6 3. Bb5 Nf6 4. d3 Bc5 5. O-O d6 6. c3 Bd7 7. Nbd2 a6 8. Ba4
b5 9. Bb3 O-O 10. h3 h6 11. Re1 Be6 12. a4 b4 13. Nf1 a5 14. Bxe6 fxe6 15. Ng3
Ne7 16. Qb3 Qd7 17. d4 exd4 18. cxd4 Bb6 19. Be3 Ng6 20. Rad1 Qe8 21. e5 Nd5 22.
Bc1 Qf7 23. exd6 cxd6 24. Ne4 Rad8 25. Qd3 Ngf4 26. Bxf4 Nxf4 27. Qb5 Qa7 28.
Rd2 Nxh3+ 29. gxh3 d5 30. Nc5 Bxc5 31. dxc5 Rxf3 0-1

[Event "AUTO-MASTER-2688"]
[Site "http://www.queenalice.com/game.php?id=1531176"]
[Date "2018.6.15"]
[Round "2"]
[White "Bebeto"]
[Black "yamato"]
[Result "1-0"]
[WhiteElo "2108"]
[BlackElo "2109"]

1. e4 c5 2. d4 cxd4 3. c3 dxc3 4. Nxc3 Nc6 5. Nf3 d6 6. Bc4 e6 7. O-O Nf6 8. Qe2
Be7 9. Rd1 e5 10. h3 O-O 11. Be3 h6 12. Rac1 Be6 13. Bxe6 fxe6 14. a3 a6 15. b4
Rc8 16. Qa2 Kf7 17. Qb1 Re8 18. Na4 Nd7 19. Nc3 b5 20. Qa2 Nb6 21. Rd3 Nc4 22.
Ne2 Nxe3 23. Rxe3 Qb6 24. Rec3 Na7 25. Ng3 Rxc3 26. Rxc3 Rc8 27. Qc2 Rxc3 28.
Qxc3 Qc6 29. Qe3 Nc8 30. Kh2 Nb6 31. Qb3 Bf6 32. Qd3 1-0

[Event "Challenge"]
[Site "http://www.queenalice.com/game.php?id=1540148"]
[Date "2018.8.25"]
[Round "-"]
[White "celodeluca"]
[Black "Bebeto"]
[Result "0-1"]
[WhiteElo "1193"]
[BlackElo "2113"]

1. d4 Nf6 2. c4 e6 3. Nc3 Bb4 4. Bd2 O-O 5. e3 b6 6. a3 Bxc3 7. Bxc3 Ba6 8. b3
d5 9. Nf3 h6 10. Bd3 Ne4 0-1